Problemas psíquicos de la emigración / (Record no. 37546)

MARC details
000 -LEADER
campo de control de longitud fija 01081nam a2200253 i 4500
001 - NÚMERO DE CONTROL
campo de control 37546
003 - IDENTIFICADOR DE NÚMERO DE CONTROL
campo de control ES-MaACL
005 - FECHA Y HORA DE LA ÚLTIMA TRANSACCIÓN
campo de control 20250822035246.0
007 - CAMPO FIJO DE DESCRIPCIÓN FÍSICA--INFORMACIÓN GENERAL
campo de control de longitud fija t|
008 - DATOS DE LONGITUD FIJA--INFORMACIÓN GENERAL
campo de control de longitud fija 030221s1967 sp ||||1| spa d
100 1# - ENTRADA PRINCIPAL--NOMBRE DE PERSONA
Nombre de persona Cabaleiro Goas, Manuel.
9 (RLIN) 33063
245 10 - MENCIÓN DEL TÍTULO
Título Problemas psíquicos de la emigración /
Mención de responsabilidad, etc. ponentes, Drs. Manuel Cabaleiro Goas y Francisco Morales Asín.
260 ## - PUBLICACIÓN, DISTRIBUCIÓN, ETC.
Lugar de publicación, distribución, etc. Madrid :
Nombre del editor, distribuidor, etc. Patronato Nacional de Asistencia Psiquiátrica,
Fecha de publicación, distribución, etc. 1967.
300 ## - DESCRIPCIÓN FÍSICA
Extensión 124 p. ;
Dimensiones 24 cm.
490 1# - MENCIÓN DE SERIE
Mención de serie Publicaciones del Patronato Nacional de Asistencia Psiquiátrica. Monografías
594 ## - Nota al título y mención de responsabilidad
Nota al título y mención de responsabilidad Precede al tít.: Seminario de Higiene Mental organizado por el P.A.N.A.P. (15-16 de octubre de 1967). Orense.
650 #4 - PUNTO DE ACCESO ADICIONAL DE MATERIA--TÉRMINO DE MATERIA
Término de materia o nombre geográfico como elemento de entrada Emigrantes.
9 (RLIN) 165899
650 #7 - PUNTO DE ACCESO ADICIONAL DE MATERIA--TÉRMINO DE MATERIA
Término de materia o nombre geográfico como elemento de entrada Psicología social
Fuente del encabezamiento o término embne
9 (RLIN) 16573
700 1# - ENTRADA AGREGADA--NOMBRE PERSONAL
Nombre de persona Morales Asín, Francisco.
9 (RLIN) 83015
710 2# - ENTRADA AGREGADA--NOMBRE DE ENTIDAD CORPORATIVA
Nombre de entidad corporativa o nombre de jurisdicción como elemento de entrada Patronato Nacional de Asistencia Psiquiátrica (España)
9 (RLIN) 6191
830 1# - PUNTO DE ACCESO ADICIONAL DE SERIE-TÍTULO UNIFORME
Título uniforme Publicaciones del Patronato Nacional de Asistencia Psiquiátrica. Monografías
9 (RLIN) 181099
852 ## - LOCALIZACIÓN
Ubicación ES-MaACL
Número de control de estantería C-37845
Holdings
Estatus retirado Estado de pérdida Estado de daño No para préstamo Biblioteca de origen Biblioteca actual Ubicación en estantería Fecha de adquisición Fuente de adquisición Total de préstamos Signatura topográfica completa Código de barras Visto por última vez Precio de reemplazo Tipo de ítem Koha
        Biblioteca del Ateneo de Madrid Biblioteca del Ateneo de Madrid Depósito 2 17/01/2008     C-37845 1039524 23/02/2023 23/02/2023 Libro impreso